000 00563nam a2200229Ia 4500
003 OSt
005 20220918184102.0
006 a|||||r|||| 00| 0
007 ta
008 220917b |||||||| |||| 00| 0 eng d
024 _a44,417
037 _cTextual
040 _aARTS
_cARTS
_beng
041 _2eng
_aeng
082 _aO111958, L9
245 0 _aSoviet literature
260 _aMoscow
_bWriters Union
_c1979
300 _a187p.
_ccm.
650 _aENGLISH LITERATURE
942 _hO111958, L9
_cTEXL
_2CC
999 _c175081
_d175081